All 1M H Cities on a Map - Statistics

General Stats
  • This quiz has been taken 283 times
  • The average score is 16 of 28
Answers on the Map
Answers color-coded by a green-red scale on the quiz's map according to % correct below.
 
Answer Stats
City % Correct
Hanoi
99%
Havana
99%
Houston
99%
Helsinki
98%
Hamburg
97%
Honolulu
97%
Ho Chi Minh City
96%
Harare
91%
Hyderābād
82%
Hyderābād
82%
Hong Kong
80%
Hiroshima
75%
Harbin
73%
Hangzhou
72%
Hartford
72%
Harrisburg
66%
Huainan
48%
Hefei
44%
Haikou
37%
Huizhou
25%
Hohhot
24%
Hamamatsu
20%
Huai'an
14%
Hengyang
13%
Handan
11%
Hanover
10%
Huaibei
10%
Hubli-Dhārwār
1%
No matching quizzes found
Score Distribution
Percent of People with Each Score
Percentile by Number Answered
Your Score History
You have not taken this quiz